[Event "Tournoi francophone 022A"]
[Site "Skype"]
[Date "????.??.??"]
[Round "1.1"]
[White "Leyton Calderon, Jairo Oswaldo"]
[Black "Rodier, Marc"]
[Result "1-0"]
[WhiteElo "1713"]
[BlackElo "1650"]
[PlyCount "31"]

1. Nf3 g6 2. e4 Bg7 3. d4 d6 4. Nc3 Nd7 5. Bg5 h6 6. Be3 e5 7. Qd2 Ne7 8. O-O-O
Nc6 9. h3 exd4 10. Nxd4 Nxd4 11. Bxd4 Bxd4 12. Qxd4 O-O 13. Bc4 Ne5 14. Bb3 Be6
15. Nd5 Qg5+ 16. f4 1-0

[Event "Tournoi francophone 022A"]
[Site "Skype"]
[Date "????.??.??"]
[Round "1.2"]
[White "Briquet, Gerard"]
[Black "Caputi, Giuliano"]
[Result "1-0"]
[WhiteElo "1800"]
[BlackElo "1771"]
[PlyCount "46"]

1. e4 e6 2. d4 d5 3. Nc3 Nf6 4. e5 Nfd7 5. Qg4 c5 6. Nb5 cxd4 7. Nd6+ Bxd6 8.
exd6 Kf8 9. Qxd4 Nc6 10. Qa4 Qa5+ 11. Qxa5 Nxa5 12. Bd2 Nc6 13. c4 dxc4 14.
Bxc4 Nde5 15. Be2 f6 16. O-O-O Bd7 17. f4 Nf7 18. Be3 g6 19. Nf3 Kg7 20. Nd4
Nxd4 21. Bxd4 Rhd8 22. Bf3 Bc6 23. Bxc6 Rac8 1-0

1 1-0

[Event "Tournoi francophone 022A"]
[Site "Skype"]
[Date "????.??.??"]
[Round "1.3"]
[White "Meyer, Eric"]
[Black "Deville, Olivier"]
[Result "1-0"]
[WhiteElo "1817"]
[BlackElo "1863"]
[PlyCount "41"]

1. d4 Nf6 2. Nf3 e6 3. Bg5 h6 4. Bh4 d5 5. e3 Nbd7 6. Bd3 c5 7. c3 Qb6 8. Qc2
c4 9. Be2 Ne4 10. Nbd2 Nxd2 11. Nxd2 Qc7 12. Bg3 Bd6 13. O-O Bxg3 14. fxg3 e5
15. e4 exd4 16. cxd4 b5 17. exd5 O-O 18. a4 Qb6 19. axb5 Qxd4+ 20. Kh1 Qxd5 21.
Bf3 1-0

[Event "Tournoi francophone 022A"]
[Site "Skype"]
[Date "????.??.??"]
[Round "1.4"]
[White "Lambert, Pierre"]
[Black "Jacquelin, Norbert"]
[Result "1-0"]
[WhiteElo "1791"]
[BlackElo "1827"]
[PlyCount "126"]

1. e4 e5 2. Nf3 Nf6 3. d3 d6 4. Be2 Be7 5. O-O O-O 6. Re1 Nc6 7. c3 Bg4 8. h3
Bh5 9. Nbd2 Qc8 10. Nh2 Bxe2 11. Qxe2 Kh8 12. Ndf1 a6 13. Ng3 g6 14. Bh6 Re8
15. Qf3 Ng8 16. Bd2 Qe6 17. Ne2 Rf8 18. d4 Qd7 19. d5 Nd8 20. c4 f5 21. Nc3
fxe4 22. Qxe4 Qf5 23. Qxf5 gxf5 24. Nf3 f4 25. a4 Nh6 26. Ne4 Nf5 27. Bc3 Nh4
28. Nxh4 Bxh4 29. c5 Nf7 30. g3 fxg3 31. fxg3 Be7 32. b4 Rg8 33. Kh2 Rg6 34.
Rf1 Kg8 35. Rf2 Ng5 36. Nxg5 Rxg5 37. Bd2 Rg6 38. Be3 Rf8 39. Raf1 Rxf2+ 40.
Rxf2 Kg7 41. Rc2 h6 42. b5 axb5 43. axb5 dxc5 44. Bxc5 Bd8 45. Ra2 b6 46. Bb4
Rf6 47. Kg2 Rf7 48. Bc3 Re7 49. Re2 Kf6 50. Rf2+ Kg7 51. Rf5 Kg8 52. Bxe5 Rd7
53. Bc3 Kh7 54. Kf3 Kg6 55. Ke4 Re7+ 56. Re5 Rf7 57. Re6+ Kg5 58. h4+ Kg4 59.
Rg6+ Kh3 60. Be5 h5 61. Bf4 Rf6 62. Rxf6 Bxf6 63. Bxc7 Kg4 1-0

[Event "Tournoi francophone 022A"]
[Site "Skype"]
[Date "????.??.??"]
[Round "1.5"]
[White "Vasquez, Georges"]
[Black "Rochette, Mathieu"]
[Result "1/2-1/2"]
[WhiteElo "1920"]
[BlackElo "1744"]
[PlyCount "75"]

1. d4 Nf6 2. Bf4 e6 3. e3 d5 4. Nf3 Bd6 5. Bg3 Bxg3 6. hxg3 Nbd7 7. Bd3 h6 8.
Nbd2 O-O 9. Qe2 Re8 10. Ne5 c5 11. c3 Nxe5 12. dxe5 Nd7 13. f4 Qb6 14. Nf3 c4
15. Bc2 Nc5 16. Rd1 Bd7 17. Nd4 Ba4 18. b3 cxb3 19. axb3 Nxb3 20. Qd3 Nxd4 21.
Qh7+ Kf8 22. Bxa4 Nf5 23. O-O Qxe3+ 24. Rf2 Rec8 25. g4 Ng3 26. f5 exf5 27.
Qh8+ Ke7 28. Qxg7 Ne4 29. Rdf1 Rg8 30. Qh7 Nxf2 31. Rxf2 Rg6 32. gxf5 Rg5 33.
e6 Rag8 34. Qxf7+ Kd6 35. Qd7+ Ke5 36. Qc7+ Kf6 37. Qf7+ Ke5 38. Qc7+ 1/2-1/2

[Event "Tournoi francophone 022A"]
[Site "Skype"]
[Date "????.??.??"]
[Round "2.1"]
[White "Rodier, Marc"]
[Black "Rochette, Mathieu"]
[Result "1/2-1/2"]
[WhiteElo "1650"]
[BlackElo "1744"]
[PlyCount "58"]

1. e4 d5 2. exd5 Qxd5 3. Nf3 Bg4 4. Be2 c6 5. Nc3 Qd8 6. O-O Nf6 7. d4 e6 8. h3
Bxf3 9. Bxf3 Be7 10. Ne4 O-O 11. c3 h6 12. Bf4 Nbd7 13. Qc2 Re8 14. Nd6 Nd5 15.
Bg3 Bxd6 16. Bxd6 Nf8 17. Bg3 Ng6 18. Rfe1 Rc8 19. Qa4 Qb6 20. Qc2 c5 21. dxc5
Rxc5 22. Red1 Ndf4 23. c4 Rg5 24. Kh2 Nh5 25. Be2 Nxg3 26. fxg3 Qf2 27. Rg1
Rxg3 28. Raf1 Rxh3+ 29. Kxh3 Qh4# 1/2-1/2

[Event "Tournoi francophone 022A"]
[Site "Skype"]
[Date "????.??.??"]
[Round "2.2"]
[White "Jacquelin, Norbert"]
[Black "Vasquez, Georges"]
[Result "0-1"]
[WhiteElo "1827"]
[BlackElo "1920"]
[PlyCount "108"]

1. c4 Nf6 2. Nf3 g6 3. Nc3 Bg7 4. e4 d6 5. d4 O-O 6. Be2 e5 7. dxe5 dxe5 8.
Qxd8 Rxd8 9. O-O c6 10. Bg5 h6 11. Bc1 Nbd7 12. Rd1 Re8 13. Rb1 a5 14. Nh4 Nc5
15. Bf3 Be6 16. Be3 Bf8 17. b3 Rad8 18. h3 Kg7 19. Bxc5 Bxc5 20. g4 Bd4 21. Ne2
Bc5 22. Kg2 Kf8 23. Nc3 Ke7 24. Na4 Bd4 25. c5 Nd7 26. Rbc1 Nb8 27. Be2 Nd7 28.
Nf3 Nf6 29. Nxd4 Rxd4 30. Rxd4 exd4 31. Bd3 g5 32. Kg3 Nd7 33. f4 f6 34. f5 Bf7
35. Nb2 Rd8 36. Kf3 Ne5+ 37. Ke2 h5 38. Rg1 hxg4 39. hxg4 Rh8 40. Rg2 Rh4 41.
Nd1 Nd7 42. Nb2 Nxc5 43. Nc4 Bxc4 44. Bxc4 Kd6 45. a4 Ke5 46. Bd3 Nxb3 47. Rg3
Rh2+ 48. Kd1 Nc5 49. Bc2 Nxe4 50. Bxe4 Kxe4 51. Rb3 Rh7 52. Rb6 d3 53. Kd2 Rh2+
54. Kd1 Ke3 0-1

[Event "Tournoi francophone 022A"]
[Site "Skype"]
[Date "????.??.??"]
[Round "2.3"]
[White "Deville, Olivier"]
[Black "Lambert, Pierre"]
[Result "1/2-1/2"]
[WhiteElo "1863"]
[BlackElo "1791"]
[PlyCount "41"]

1. Nf3 d5 2. e3 Nf6 3. c4 e6 4. Nc3 c5 5. cxd5 exd5 6. d4 cxd4 7. Nxd4 a6 8.
Be2 Bd6 9. Nf3 O-O 10. O-O Nc6 11. b3 Bc7 12. Bb2 Qd6 13. Qd2 Bg4 14. g3 Rac8
15. Rfd1 Ne7 16. Rac1 Ba5 17. Nd4 Bxc3 18. Bxc3 Ne4 19. Qd3 Bxe2 20. Nxe2 Nxc3
21. Nxc3 1/2-1/2

[Event "Tournoi francophone 022A"]
[Site "Skype"]
[Date "????.??.??"]
[Round "2.4"]
[White "Caputi, Giuliano"]
[Black "Meyer, Eric"]
[Result "0-1"]
[WhiteElo "1771"]
[BlackElo "1817"]
[PlyCount "46"]

1. e4 c5 2. Nf3 d6 3. Bb5+ Bd7 4. c4 Nc6 5. O-O Nf6 6. Nc3 e6 7. d4 cxd4 8.
Nxd4 Be7 9. b3 O-O 10. Bxc6 Bxc6 11. Nxc6 bxc6 12. Bb2 Qc7 13. Qe2 Nd7 14. f4
Rad8 15. Rad1 Bf6 16. Kh1 a5 17. Rf3 Nc5 18. Rg3 g6 19. Rh3 Qe7 20. g4 Rd7 21.
Ba3 Bxc3 22. Bxc5 dxc5 23. Rxc3 Rd4 0-1

[Event "Tournoi francophone 022A"]
[Site "Skype"]
[Date "????.??.??"]
[Round "2.5"]
[White "Leyton Calderon, Jairo Oswaldo"]
[Black "Briquet, Gerard"]
[Result "0-1"]
[WhiteElo "1713"]
[BlackElo "1800"]
[PlyCount "76"]

1. e4 e5 2. Nf3 Nc6 3. d4 exd4 4. Nxd4 Bc5 5. Nb3 Bb6 6. Nc3 Qf6 7. Qe2 Nge7 8.
Be3 d6 9. O-O-O Bxe3+ 10. Qxe3 a6 11. f4 Bd7 12. Nd5 Nxd5 13. exd5+ Ne7 14. Re1
Kd8 15. Qd2 Re8 16. Be2 Nf5 17. Bf3 Rxe1+ 18. Rxe1 Ne7 19. Re2 Ke8 20. g4 Kf8
21. g5 Qf5 22. Be4 Qh3 23. Re3 Qh4 24. Rc3 Rc8 25. Nd4 Kg8 26. b3 f5 27. Bd3
Qg4 28. Be2 Qg2 29. Nf3 Ng6 30. Rd3 Re8 31. Re3 Rxe3 32. Qxe3 Nxf4 33. Qxf4
Qxe2 34. Nd4 Qe5 35. Qh4 g6 36. c4 f4 37. Qf2 Qxg5 38. Ne2 f3+ 0-1

[Event "Tournoi francophone 022A"]
[Site "Skype"]
[Date "????.??.??"]
[Round "3.1"]
[White "Briquet, Gerard"]
[Black "Rodier, Marc"]
[Result "1/2-1/2"]
[WhiteElo "1800"]
[BlackElo "1650"]
[PlyCount "103"]

1. e4 c5 2. Nf3 Nc6 3. d4 cxd4 4. Nxd4 Nf6 5. Nc3 e5 6. Ndb5 d6 7. Bg5 a6 8.
Bxf6 gxf6 9. Na3 b5 10. Nd5 f5 11. Bd3 f4 12. Qd2 Bg7 13. O-O-O Be6 14. Kb1 O-O
15. Be2 Kh8 16. c3 Rb8 17. Nc2 a5 18. g3 Bh6 19. gxf4 f5 20. f3 fxe4 21. fxe4
exf4 22. Nd4 Nxd4 23. Qxd4+ Bg7 24. Qd3 b4 25. c4 Be5 26. h3 Qh4 27. Rdg1 Rg8
28. Qf3 Rg3 29. Rxg3 Qxg3 30. Rf1 Bxh3 31. Nxf4 Bxf4 32. Qxf4 Qxf4 33. Rxf4 Kg7
34. Rh4 Be6 35. Rh5 Ra8 36. Bd3 Bf7 37. Rb5 h5 38. e5 dxe5 39. Rxe5 Kf6 40.
Rf5+ Kg7 41. Kc2 h4 42. b3 h3 43. Be4 Rh8 44. Rf1 h2 45. Kd2 Bg6 46. Bh1 Bf7
47. Ke3 a4 48. Rf2 axb3 49. axb3 Bg6 50. Kf4 Rf8+ 51. Kg3 Rxf2 52. Kxf2 1/2-1/2

[Event "Tournoi francophone 022A"]
[Site "Skype"]
[Date "????.??.??"]
[Round "3.2"]
[White "Meyer, Eric"]
[Black "Leyton Calderon, Jairo Oswaldo"]
[Result "1-0"]
[WhiteElo "1817"]
[BlackElo "1713"]
[PlyCount "65"]

1. d4 Nf6 2. Nf3 e6 3. Bg5 h6 4. Bh4 Be7 5. e3 O-O 6. Bd3 c5 7. c3 Nc6 8. Nbd2
b6 9. O-O Bb7 10. Re1 d5 11. Qe2 Nh5 12. Bxe7 Qxe7 13. Bc2 Nf6 14. Ba4 Rfd8 15.
Rad1 Rac8 16. Bxc6 Bxc6 17. Ne5 Nd7 18. f4 Ba4 19. Rc1 Nxe5 20. fxe5 Be8 21.
Rf1 b5 22. Nb3 cxd4 23. exd4 b4 24. Nc5 bxc3 25. Rxc3 Rb8 26. Rg3 Bb5 27. Qg4
Qg5 28. Qxg5 hxg5 29. Rf2 Be8 30. Rxg5 Rb6 31. b3 Kf8 32. h4 Rb4 33. Nxe6+ 1-0

[Event "Tournoi francophone 022A"]
[Site "Skype"]
[Date "????.??.??"]
[Round "3.3"]
[White "Lambert, Pierre"]
[Black "Caputi, Giuliano"]
[Result "1/2-1/2"]
[WhiteElo "1791"]
[BlackElo "1771"]
[PlyCount "86"]

1. e4 e6 2. d4 d5 3. Nc3 Bb4 4. e5 c5 5. Bd2 cxd4 6. Nb5 Bf8 7. Nxd4 Nc6 8.
Ngf3 Nge7 9. Bd3 Nxd4 10. Nxd4 Nc6 11. Nf3 Be7 12. O-O a6 13. Re1 b6 14. c3 Bb7
15. Qa4 Qd7 16. Be3 Nxe5 17. Qxd7+ Nxd7 18. Rad1 h6 19. Bc2 O-O 20. Nd4 Bf6 21.
f4 Rfe8 22. Bf2 Rac8 23. Nb3 Nc5 24. a4 Kf8 25. a5 Nxb3 26. Bxb3 b5 27. Bb6 Bd8
28. Bxd8 Rcxd8 29. Kf2 f6 30. Kf3 d4+ 31. Kf2 dxc3 32. bxc3 Bd5 33. Bc2 Rc8 34.
Re3 b4 35. Bg6 Red8 36. cxb4 Rb8 37. Rd4 Ba2 38. Rxd8+ Rxd8 39. Re2 Bc4 40. Rc2
Bb5 41. Ke3 Ke7 42. Be4 Rd7 43. Rc5 Kd6 1/2-1/2

[Event "Tournoi francophone 022A"]
[Site "Skype"]
[Date "????.??.??"]
[Round "3.4"]
[White "Vasquez, Georges"]
[Black "Deville, Olivier"]
[Result "1/2-1/2"]
[WhiteElo "1920"]
[BlackElo "1863"]
[PlyCount "96"]

1. d4 g6 2. Bf4 Bg7 3. e3 d6 4. h3 Nd7 5. Nf3 Ngf6 6. Be2 O-O 7. c3 c5 8. Nbd2
b6 9. O-O Bb7 10. a4 a6 11. Rc1 Qc7 12. Bh2 Bc6 13. b4 Qa7 14. Re1 Ne4 15. Nxe4
Bxe4 16. Nd2 Bb7 17. Bf3 Rac8 18. a5 cxb4 19. cxb4 Rxc1 20. Qxc1 Rc8 21. Qb1
Bxf3 22. Nxf3 bxa5 23. bxa5 Qc7 24. Qb4 Rb8 25. Qd2 Rb5 26. Ra1 Nf6 27. Bf4 h6
28. Qa2 Qc3 29. e4 Nxe4 30. Rc1 Rxa5 31. Qe2 Ra1 32. Rxa1 Qxa1+ 33. Kh2 d5 34.
Be3 Nd6 35. h4 Nc4 36. h5 g5 37. Qd3 Nxe3 38. Qxe3 e6 39. Ne5 Bxe5+ 40. Qxe5 a5
41. Qb8+ Kh7 42. Qf8 Qxd4 43. Qxf7+ Qg7 44. Qxe6 d4 45. Qf5+ Kg8 46. Qxa5 Qf7
47. Qd8+ Kh7 48. Qxd4 Qxh5+ 1/2-1/2

[Event "Tournoi francophone 022A"]
[Site "Skype"]
[Date "????.??.??"]
[Round "4.2"]
[White "Deville, Olivier"]
[Black "Rochette, Mathieu"]
[Result "1/2-1/2"]
[WhiteElo "1863"]
[BlackElo "1744"]
[PlyCount "31"]

1. Nf3 Nf6 2. c4 e6 3. Nc3 d5 4. e3 c6 5. b3 Nbd7 6. Bb2 Be7 7. d4 Qa5 8. Bd3
dxc4 9. bxc4 c5 10. O-O cxd4 11. exd4 O-O 12. Re1 Rd8 13. Qe2 Bf8 14. Ne4 h6
15. Nxf6+ Nxf6 16. Ne5 1/2-1/2

[Event "Tournoi francophone 022A"]
[Site "Skype"]
[Date "????.??.??"]
[Round "4.3"]
[White "Caputi, Giuliano"]
[Black "Vasquez, Georges"]
[Result "1-0"]
[WhiteElo "1771"]
[BlackElo "1920"]
[PlyCount "87"]

1. e4 c6 2. d4 d5 3. e5 Bf5 4. Nf3 e6 5. Be2 c5 6. c3 Nc6 7. O-O Qb6 8. Qa4 Qa5
9. Qxa5 Nxa5 10. dxc5 a6 11. Nbd2 Ne7 12. Nd4 Bg6 13. b4 Nac6 14. f4 Nf5 15.
N2f3 Nfxd4 16. Nxd4 Be7 17. Be3 h5 18. a4 Kd7 19. Rfd1 f6 20. Nxc6 bxc6 21. c4
Kc7 22. b5 axb5 23. axb5 Bc2 24. b6+ Kb7 25. Rdc1 Bb3 26. cxd5 Bxd5 27. Kf2 h4
28. Bf3 Ra2+ 29. Rxa2 Bxa2 30. Rd1 Bd5 31. Bxd5 exd5 32. Ra1 Ra8 33. Rxa8 Kxa8
34. e6 f5 35. Bd4 g6 36. Kf3 Kb7 37. g3 hxg3 38. hxg3 Ka6 39. g4 Kb7 40. g5 Ka6
41. Ke3 Kb7 42. Kd3 Ka6 43. Kc3 Kb7 44. Kb4 1-0

[Event "Tournoi francophone 022A"]
[Site "Skype"]
[Date "????.??.??"]
[Round "4.5"]
[White "Briquet, Gerard"]
[Black "Meyer, Eric"]
[Result "0-1"]
[WhiteElo "1800"]
[BlackElo "1817"]
[PlyCount "102"]

1. e4 c5 2. Nf3 d6 3. d4 cxd4 4. Nxd4 Nf6 5. Nc3 a6 6. Bg5 e6 7. Bc4 Be7 8. Qd2
Qc7 9. Bb3 Nbd7 10. Bxe6 fxe6 11. Nxe6 Qc4 12. Nxg7+ Kf7 13. Nf5 Nxe4 14. Nxe4
Qxe4+ 15. Qe3 Qxe3+ 16. Bxe3 Re8 17. O-O-O Nf6 18. Nxd6+ Bxd6 19. Rxd6 Ne4 20.
Rh6 Bf5 21. g4 Bg6 22. h4 Nf6 23. h5 Be4 24. Rg1 Rac8 25. c3 Ng8 26. Rb6 Bc6
27. Rb4 Re4 28. Rxe4 Bxe4 29. f3 Bd5 30. a3 Re8 31. Bd4 Nf6 32. f4 Bf3 33. Bxf6
Kxf6 34. g5+ Kf5 35. g6 hxg6 36. hxg6 Rg8 37. g7 Kxf4 38. Kd2 Bd5 39. b4 Bc4
40. a4 Rd8+ 41. Kc2 Kf5 42. a5 Kf6 43. Rd1 Rxd1 44. Kxd1 Kxg7 45. Kd2 Kf6 46.
Ke3 Ke5 47. Kf3 Kd5 48. Ke3 Bb5 49. Kd2 Kc4 50. Kc2 Be8 51. Kb2 Bg6 0-1

[Event "Tournoi francophone 022A"]
[Site "Skype"]
[Date "????.??.??"]
[Round "5.1"]
[White "Meyer, Eric"]
[Black "Rodier, Marc"]
[Result "1-0"]
[WhiteElo "1817"]
[BlackElo "1650"]
[PlyCount "77"]

1. d4 g6 2. Bf4 Bg7 3. Nf3 d6 4. e3 Nf6 5. h3 Nbd7 6. Be2 c5 7. c3 O-O 8. O-O
b6 9. Nbd2 Bb7 10. Qc2 Nh5 11. Bh2 Rc8 12. Rad1 cxd4 13. exd4 Nhf6 14. Rfe1 Re8
15. Qb3 d5 16. a4 a6 17. Bd3 e6 18. Bd6 Bf8 19. Bxf8 Rxf8 20. c4 dxc4 21. Bxc4
Bd5 22. Ne5 Nxe5 23. dxe5 Bxc4 24. Nxc4 Nd5 25. Nd6 Rb8 26. Ne4 Qe7 27. Nd6 b5
28. a5 f6 29. Qg3 f5 30. Qb3 Rfd8 31. Rxd5 exd5 32. Qxd5+ Kg7 33. Rc1 Rd7 34.
Rc6 Rbd8 35. Rxa6 Kh8 36. b4 Re8 37. Qxb5 Qxe5 38. Qxd7 Qe1+ 39. Kh2 1-0

[Event "Tournoi francophone 022A"]
[Site "Skype"]
[Date "????.??.??"]
[Round "5.2"]
[White "Lambert, Pierre"]
[Black "Briquet, Gerard"]
[Result "1/2-1/2"]
[WhiteElo "1791"]
[BlackElo "1800"]
[PlyCount "53"]

1. e4 e5 2. Nf3 Nc6 3. d4 exd4 4. Nxd4 Bc5 5. Be3 Qf6 6. c3 a6 7. g3 Nxd4 8.
Bxd4 Bxd4 9. cxd4 Qb6 10. Qd2 Nf6 11. Nc3 O-O 12. Bg2 d6 13. O-O Bd7 14. e5 Ne8
15. Nd5 Qa7 16. Rac1 dxe5 17. dxe5 Bb5 18. Rfe1 c6 19. Ne7+ Kh8 20. Nf5 Nc7 21.
Nxg7 Kxg7 22. Qg5+ Kh8 23. Qf6+ Kg8 24. Re4 Bd3 25. Qg5+ Kh8 26. Qf6+ Kg8 27.
Qg5+ 1/2-1/2

[Event "Tournoi francophone 022A"]
[Site "Skype"]
[Date "????.??.??"]
[Round "5.3"]
[White "Vasquez, Georges"]
[Black "Leyton Calderon, Jairo Oswaldo"]
[Result "1-0"]
[WhiteElo "1920"]
[BlackElo "1713"]
[PlyCount "45"]

1. d4 d5 2. Bf4 Nf6 3. e3 Bf5 4. c4 e6 5. Qb3 Qc8 6. Nc3 c6 7. h3 Be7 8. Nf3
O-O 9. Be2 Nbd7 10. O-O dxc4 11. Bxc4 c5 12. Rac1 cxd4 13. exd4 b6 14. Nb5 Qb7
15. Nd6 Bxd6 16. Bxd6 Rfc8 17. Rfe1 Be4 18. Ne5 Bd5 19. Qg3 Bxc4 20. Nxc4 Qd5
21. Qf3 Rxc4 22. Rxc4 Qxc4 23. Qxa8+ 1-0

[Event "Tournoi francophone 022A"]
[Site "Skype"]
[Date "????.??.??"]
[Round "5.4"]
[White "Rochette, Mathieu"]
[Black "Caputi, Giuliano"]
[Result "0-1"]
[WhiteElo "1744"]
[BlackElo "1771"]
[PlyCount "36"]

1. d4 Nf6 2. c4 e6 3. Nc3 Bb4 4. Qc2 O-O 5. Nf3 c5 6. e3 cxd4 7. exd4 d5 8. Bd3
dxc4 9. Bxc4 Nbd7 10. O-O Nb6 11. Bb3 h6 12. Rd1 Nbd5 13. a3 Be7 14. Ne5 a6 15.
Ne4 Bd7 16. Nc5 Rc8 17. Rd3 b6 18. Nb7 Qc7 0-1

[Event "Tournoi francophone 022A"]
[Site "Skype"]
[Date "????.??.??"]
[Round "6.1"]
[White "Rodier, Marc"]
[Black "Deville, Olivier"]
[Result "0-1"]
[WhiteElo "1650"]
[BlackElo "1863"]
[PlyCount "80"]

1. e4 g6 2. d4 Bg7 3. Nc3 d6 4. Be3 a6 5. Nf3 Nd7 6. a4 b6 7. Be2 Bb7 8. O-O
Ngf6 9. Nd2 O-O 10. f4 c5 11. e5 Nd5 12. Nxd5 Bxd5 13. Bf3 Bxf3 14. Nxf3 cxd4
15. Bxd4 dxe5 16. fxe5 Qc7 17. Qe2 Nc5 18. b4 Ne6 19. Bb2 Rfc8 20. c3 Qc4 21.
Rfe1 Qxe2 22. Rxe2 b5 23. Re4 Rd8 24. c4 bxc4 25. Rxc4 Rd3 26. Rac1 Bh6 27. Re1
Rb3 28. Bc1 Bxc1 29. Rexc1 Kg7 30. Kf2 Rb8 31. Rc6 R8xb4 32. Rxa6 Rb2+ 33. Kg3
Ra2 34. Ra7 Rbb2 35. Rg1 g5 36. h3 Nf4 37. Ne1 Ne2+ 38. Kh2 Nxg1 39. Kxg1 Rb1
40. Kf1 Raa1 0-1

[Event "Tournoi francophone 022A"]
[Site "Skype"]
[Date "????.??.??"]
[Round "6.4"]
[White "Briquet, Gerard"]
[Black "Vasquez, Georges"]
[Result "0-1"]
[WhiteElo "1800"]
[BlackElo "1920"]
[PlyCount "58"]

1. e4 c6 2. d4 d5 3. Nc3 dxe4 4. Nxe4 Bf5 5. Ng3 Bg6 6. h4 h6 7. h5 Bh7 8. Nf3
Nd7 9. Bd3 Bxd3 10. Qxd3 e6 11. Bd2 Qc7 12. O-O-O Bd6 13. Ne4 Bf4 14. Qa3 Ngf6
15. Nxf6+ Nxf6 16. Bxf4 Qxf4+ 17. Kb1 Qc7 18. c4 a6 19. Ne5 O-O-O 20. Qe3 Rd6
21. f4 Rhd8 22. g4 c5 23. Nf3 Nxg4 24. Qe2 cxd4 25. Rxd4 Rxd4 26. Nxd4 Qxf4 27.
Nb3 Nf6 28. c5 Qe4+ 29. Qxe4 Nxe4 0-1

[Event "Tournoi francophone 022A"]
[Site "Skype"]
[Date "????.??.??"]
[Round "6.5"]
[White "Meyer, Eric"]
[Black "Lambert, Pierre"]
[Result "1-0"]
[WhiteElo "1817"]
[BlackElo "1791"]
[PlyCount "67"]

1. d4 d5 2. Nf3 e6 3. c4 Nf6 4. Bg5 Be7 5. e3 Nbd7 6. Nc3 O-O 7. Rc1 c6 8. Bd3
h6 9. Bf4 dxc4 10. Bxc4 Nb6 11. Bd3 Nbd5 12. Nxd5 exd5 13. O-O Re8 14. h3 Bd6
15. Bxd6 Qxd6 16. Ne5 Nd7 17. f4 f6 18. Qh5 Qe7 19. Ng4 Nf8 20. Rce1 Qf7 21.
Qxf7+ Kxf7 22. f5 Nd7 23. Nf2 b6 24. e4 Bb7 25. exd5 Rxe1 26. Rxe1 cxd5 27. Bb5
Nf8 28. Nd3 a6 29. Ba4 b5 30. Bb3 Nd7 31. Re6 Rd8 32. Nf4 Nf8 33. Rb6 Rd7 34.
Rxb7 1-0

[Event "Tournoi francophone 022A"]
[Site "Skype"]
[Date "????.??.??"]
[Round "7.1"]
[White "Lambert, Pierre"]
[Black "Rodier, Marc"]
[Result "1-0"]
[WhiteElo "1791"]
[BlackElo "1650"]
[PlyCount "85"]

1. e4 c5 2. Nf3 Nc6 3. d4 cxd4 4. Nxd4 Nf6 5. Nc3 e5 6. Ndb5 d6 7. f3 a6 8. Na3
b5 9. Nd5 Be7 10. c4 b4 11. Nc2 a5 12. Be3 Nxd5 13. cxd5 Nb8 14. Bb5+ Bd7 15.
Qe2 O-O 16. O-O f5 17. Bc4 f4 18. Bf2 Bh4 19. Rac1 Bxf2+ 20. Qxf2 Na6 21. Bxa6
Rxa6 22. Ne1 Bb5 23. b3 Bxf1 24. Kxf1 Qd7 25. Qe2 Rb6 26. Qc4 Rfb8 27. Nd3 Qb5
28. Qc2 Kf8 29. Ke1 Ke8 30. Kd2 Kd8 31. Qc7+ Ke8 32. Qxg7 Qd7 33. Qg8+ Ke7 34.
Qxh7+ Ke8 35. Qg8+ Ke7 36. Qg7+ Ke8 37. Qg8+ Ke7 38. Qg5+ Kf7 39. Qh5+ Kg7 40.
Nf2 Rc8 41. Ng4 Rxc1 42. Qh6+ Kf7 43. Qh7+ 1-0

[Event "Tournoi francophone 022A"]
[Site "Skype"]
[Date "????.??.??"]
[Round "7.2"]
[White "Vasquez, Georges"]
[Black "Meyer, Eric"]
[Result "0-1"]
[WhiteElo "1920"]
[BlackElo "1817"]
[PlyCount "74"]

1. d4 Nf6 2. Bf4 g6 3. e3 Bg7 4. Nf3 O-O 5. Be2 d6 6. h3 Re8 7. O-O Nbd7 8. c3
b6 9. Nbd2 Bb7 10. a4 e5 11. Bh2 a5 12. Qc2 Qe7 13. Rfd1 e4 14. Ne1 Qe6 15. b4
axb4 16. cxb4 Nd5 17. Rdb1 c5 18. bxc5 dxc5 19. Nb3 Rec8 20. Qd2 c4 21. Nc1 Qc6
22. Qc2 f5 23. Bd1 Bf8 24. Ne2 Bb4 25. Rxb4 Nxb4 26. Qc3 Nd3 27. Nf4 Nf6 28.
Nc2 Nxf4 29. Bxf4 Nd5 30. Qa3 Nxf4 31. exf4 Rd8 32. h4 Qd6 33. Qg3 Bc6 34. Ne3
Qxd4 35. Nxf5 Qxa1 36. Ne7+ Kf7 37. Nxc6 Rxd1+ 0-1

[Event "Tournoi francophone 022A"]
[Site "Skype"]
[Date "????.??.??"]
[Round "7.3"]
[White "Rochette, Mathieu"]
[Black "Briquet, Gerard"]
[Result "1-0"]
[WhiteElo "1744"]
[BlackElo "1800"]
[PlyCount "43"]

1. d4 d5 2. c4 c6 3. Nc3 Nf6 4. Nf3 Bf5 5. e3 Nbd7 6. cxd5 cxd5 7. Qb3 Nb6 8.
Ne5 Bd7 9. Nxd7 Nbxd7 10. Nxd5 Qa5+ 11. Nc3 Ne4 12. Bd3 Nxc3 13. bxc3 e6 14.
O-O Bd6 15. Qxb7 Rb8 16. Qc6 Bc7 17. a4 O-O 18. Qxd7 Qxc3 19. Ra3 Rb3 20. Rxb3
Bxh2+ 21. Kxh2 Qxb3 22. Bb5 1-0

[Event "Tournoi francophone 022A"]
[Site "Skype"]
[Date "????.??.??"]
[Round "7.5"]
[White "Deville, Olivier"]
[Black "Caputi, Giuliano"]
[Result "1/2-1/2"]
[WhiteElo "1863"]
[BlackElo "1771"]
[PlyCount "35"]

1. Nf3 Nf6 2. c4 c6 3. Nc3 d5 4. e3 Nbd7 5. Qc2 e6 6. b3 Be7 7. Be2 O-O 8. O-O
e5 9. cxd5 Nxd5 10. Bb2 Nxc3 11. Bxc3 Bd6 12. d4 exd4 13. Bxd4 Qe7 14. Bd3 h6
15. e4 Ne5 16. Nxe5 Bxe5 17. Bc5 Bd6 18. Bxd6 1/2-1/2

[Event "Tournoi francophone 022A"]
[Site "Skype"]
[Date "????.??.??"]
[Round "8.5"]
[White "Lambert, Pierre"]
[Black "Vasquez, Georges"]
[Result "0-1"]
[WhiteElo "1791"]
[BlackElo "1920"]
[PlyCount "72"]

1. e4 c6 2. d4 d5 3. Nc3 dxe4 4. Nxe4 Bf5 5. Ng3 Bg6 6. h4 h6 7. h5 Bh7 8. Nf3
e6 9. Bd3 Bxd3 10. Qxd3 Nf6 11. Bd2 Qc7 12. Qe2 Nbd7 13. Nf5 O-O-O 14. Ne3 Ne4
15. O-O-O Nxd2 16. Nxd2 Nf6 17. Ndc4 Bd6 18. Nxd6+ Qxd6 19. Kb1 Rhe8 20. Nc4
Qd5 21. Ne3 Qg5 22. Qf3 Re7 23. g4 Red7 24. c3 Qb5 25. Rhg1 c5 26. c4 Qb4 27.
dxc5 Rd2 28. Rxd2 Rxd2 29. Nc2 Qxc5 30. Rf1 Qxc4 31. Rc1 Kb8 32. Qa3 Rd8 33.
Qg3+ Qc7 34. Qf3 Qe5 35. Ka1 Rc8 36. Re1 Rxc2 0-1